Statistics for Bad Blood Taylor Swift Lyrics

Click here to take the quiz!

General Stats

  • This quiz has been taken 4,467 times
  • The average score is 164 of 213

Answer Stats

HintAnswer% Correct
bad
100%
blood
99%
we
99%
got
98%
I
98%
now
98%
Now
98%
a
97%
You
97%
you
97%
do
96%
baby,
95%
Baby,
95%
So
95%
so
95%
to
94%
and
93%
And
93%
And,
93%
the
93%
be
92%
| Chorus:'Cause,
92%
mad
92%
love
91%
think
91%
don't
90%
it
89%
what
89%
can
88%
problems
87%
used
87%
look
86%
solve
86%
done
85%
them
85%
know
84%
you've
84%
take
83%
that,
83%
that
83%
have
80%
Hey
80%
it's
80%
really
80%
deep,
78%
deep
78%
made
78%
did
77%
| Verse 1: | Verse 2:Did
77%
good
77%
cut
76%
time
76%
this?
75%
this
75%
about
74%
sad
74%
times,
73%
like
72%
Pre - Chorus:Oh,
72%
could
71%
just
71%
me
71%
me,
71%
was
68%
All
67%
all
67%
in
67%
for
66%
if
65%
If
65%
say
65%
trusted
65%
at
64%
your
64%
bullet
62%
sorry
62%
thinking
62%
fix
61%
holes
61%
Bridge:Band
60%
live
60%
show
60%
ruin
58%
aids
57%
hit
57%
rusted
57%
but
56%
on
56%
with
56%
I'm
55%
my
55%
runs
55%
where
55%
you're
55%
ghosts
54%
back
53%
couldn't
53%
fine?
53%
they
52%
past,
51%
right
51%
weak?
51%
breathe
50%
from
50%
knife
50%
scars
50%
salt
49%
we'd
49%
heal
48%
last
48%
laughing
48%
shiny?
48%
these
48%
Still
47%
through?
47%
cold
45%
up
45%
will
45%
won't,
45%
wounds
45%
rub
43%
way,
43%
catch
42%
things
41%
coming
40%
kinda
35%
would
22%

Score Distribution

Percentile by Number Answered

Percent of People with Each Score

Your Score History

You have not taken this quiz